[Event "Int. Stuttgarter Stadtmeisterschaft A"]
[Site "Ditzingen"]
[Date "2014.05.30"]
[Round "5.17"]
[White "Dudek, Richard"]
[Black "Andreev, Vlad"]
[Result "1-0"]
[WhiteElo "2262"]
[BlackElo "2046"]
[PlyCount "93"]
[EventDate "2014.??.??"]
[WhiteTeam "SC Eppingen"]
[BlackTeam "SF Pfullingen"]

1. e4 c6 2. d4 d5 3. exd5 cxd5 4. Bd3 Nc6 5. c3 Qc7 6. Ne2 Bg4 7. f3 Bd7 8. f4
g6 9. O-O f5 10. Nd2 Nf6 11. Nf3 Bg7 12. Ne5 Be6 13. Be3 Ne4 14. b4 O-O 15. Qb3
Rac8 16. Rac1 Rfd8 17. a4 Qb6 18. Qa3 Nxe5 19. a5 Nc4 20. Bxc4 Qd6 21. Bd3 Rc7
22. Rc2 Rdc8 23. Rfc1 h6 24. Qb3 Kh7 25. g3 Bf6 26. Kg2 Qd7 27. Ng1 Qe8 28. Nf3
g5 29. Ne5 Qh5 30. g4 fxg4 31. Bxe4+ dxe4 32. Qxe6 Qh3+ 33. Kh1 Bxe5 34. Qf5+
Kg8 35. fxe5 Qxe3 36. Rf1 Rxc3 37. Rxc3 Qxc3 38. Qg6+ Kh8 39. Qxh6+ Kg8 40.
Qxg5+ Kh8 41. Qh5+ Kg8 42. Qxg4+ Kh8 43. Qh5+ Kg8 44. Qg6+ Kh8 45. Qh6+ Kg8 46.
Rg1+ Kf7 47. e6+ 1-0

[Event "Int. Stuttgarter Stadtmeisterschaft A"]
[Site "Ditzingen"]
[Date "2014.05.30"]
[Round "5.18"]
[White "Flick, Antoine"]
[Black "Ivanov, Stojan Emilov"]
[Result "1/2-1/2"]
[WhiteElo "2045"]
[BlackElo "2244"]
[PlyCount "152"]
[EventDate "2014.??.??"]
[WhiteTeam "Philidor Mulhouse"]

1. d4 Nf6 2. Nf3 g6 3. c4 Bg7 4. Nc3 O-O 5. e4 d6 6. Be2 e5 7. O-O Nc6 8. d5
Ne7 9. Nd2 Ne8 10. b4 a5 11. bxa5 Rxa5 12. Nb3 Ra8 13. c5 f5 14. f3 Nf6 15. a4
Nh5 16. Ba3 Bh6 17. Qd3 Nf4 18. Qc2 Rf6 19. Bb4 Nh5 20. Qd3 Bf4 21. Nb5 g5 22.
Be1 g4 23. fxg4 fxe4 24. Qxe4 Rg6 25. gxh5 Bf5 26. Qf3 Bg4 27. hxg6 Bxf3 28.
gxh7+ Kxh7 29. Bxf3 Kg7 30. Bf2 Ng6 31. Be4 Qd7 32. Rfe1 Rh8 33. h3 Rxh3 34.
gxh3 Qxh3 35. Bg2 Bh2+ 36. Kf1 Qxb3 37. Be4 Nf4 38. Re3 Qc4+ 39. Ke1 Nxd5 40.
Bxd5 Qxd5 41. Rd1 Qxc5 42. Rc3 Qb4 43. Kf1 c6 44. Rxd6 Bf4 45. Rd7+ Kg6 46.
Rxb7 cxb5 47. Rc6+ Kf5 48. axb5 Kg4 49. Be1 Qb3 50. Rc3 Qd5 51. Rg7+ Kf5 52.
Rgc7 Qxb5+ 53. Kf2 Qb2+ 54. Kf1 Qh2 55. Rc8 Qh1+ 56. Kf2 Bg5 57. Ke2 Qh5+ 58.
Kf1 Qh2 59. Bf2 Bd2 60. Rc2 Bg5 61. R2c4 Qh1+ 62. Ke2 Qh5+ 63. Kf1 Qd1+ 64. Kg2
Qe2 65. Rc2 Bd2 66. Kg1 Qd3 67. R2c4 Qb1+ 68. Kg2 Qb7+ 69. Kf1 e4 70. R4c5+ Kg4
71. Rg8+ Kf3 72. Rf8+ Bf4 73. Rc3+ Kg4 74. Rg8+ Kf5 75. Rf8+ Kg4 76. Rg8+ Kf5
1/2-1/2

[Event "Int. Stuttgarter Stadtmeisterschaft A"]
[Site "Ditzingen"]
[Date "2014.05.30"]
[Round "5.19"]
[White "Baskin, Robert"]
[Black "Quernheim, Daniel"]
[Result "0-1"]
[WhiteElo "2205"]
[BlackElo "2013"]
[PlyCount "110"]
[EventDate "2014.??.??"]
[WhiteTeam "SAbt TuS Makkabi Ffm"]
[BlackTeam "SC Schachmatt Botnang"]

1. e4 Nf6 2. e5 Nd5 3. d4 d6 4. Nf3 dxe5 5. Nxe5 c6 6. Be2 Bf5 7. a3 Nd7 8. Nf3
g6 9. c4 Nc7 10. Nc3 Bg7 11. O-O Bg4 12. h3 Bxf3 13. Bxf3 Nb6 14. d5 cxd5 15.
Nxd5 Ncxd5 16. cxd5 Qd6 17. Qb3 O-O 18. Bd2 a5 19. Qb5 Rfc8 20. Rac1 Bd4 21.
Bxa5 Rxc1 22. Rxc1 Qf4 23. Rd1 Nc4 24. Bc3 Bxc3 25. bxc3 Rxa3 26. Qe8+ Kg7 27.
Qxe7 Nd6 28. Qe1 Qf6 29. Rc1 b5 30. Qd2 Rb3 31. Qc2 Ra3 32. Qb2 Ra6 33. Be2 Rb6
34. Qb4 Qg5 35. Qd4+ Kg8 36. Ra1 Qd8 37. Qb4 Nf5 38. Qc5 Qd6 39. Qxd6 Nxd6 40.
Rb1 Rb7 41. Ra1 Kf8 42. Ra6 Ke7 43. Rc6 Kd7 44. f4 Rc7 45. Bf3 Nc4 46. Ra6 Nd6
47. Ra3 Nc4 48. Ra6 Nd6 49. Rc6 Nc4 50. Rf6 Nd6 51. g4 Ke7 52. g5 Rxc3 53. Bg4
h5 54. Be2 b4 55. f5 Rg3+ 0-1

[Event "Int. Stuttgarter Stadtmeisterschaft A"]
[Site "Ditzingen"]
[Date "2014.05.30"]
[Round "5.20"]
[White "Cerasi, Umberto"]
[Black "Bräunlin, Klaus"]
[Result "0-1"]
[WhiteElo "2019"]
[BlackElo "2145"]
[PlyCount "144"]
[EventDate "2014.??.??"]
[WhiteTeam "Turm a Sprenger Matt Schifflange"]
[BlackTeam "TG Biberach"]

{Zeitüberschreitung von Weiß} 1. d4 Nf6 2. c4 e6 3. Nc3 Bb4 4. Qb3 Nc6 5. Nf3
a5 6. a3 a4 7. Qc2 Bxc3+ 8. bxc3 d5 9. Bg5 h6 10. Bh4 g5 11. Bg3 Ne4 12. e3 h5
13. h4 Nxg3 14. fxg3 g4 15. Ng1 Ne7 16. c5 Bd7 17. Bd3 b6 18. cxb6 cxb6 19. Qf2
Qc7 20. Ne2 f5 21. O-O Nc8 22. e4 dxe4 23. Bxe4 Ra5 24. Rab1 Ne7 25. Bd3 Qd6
26. Ra1 Kf7 27. Rfb1 Rc8 28. Qe3 Nd5 29. Qh6 Nf6 30. Rb4 Rg8 31. Rab1 Ke7 32.
Rxb6 Qxa3 33. Rb8 Rxb8 34. Qg7+ Kd8 35. Rxb8+ Kc7 36. Rb1 Nd5 37. Qe5+ Qd6 38.
Rb7+ Kc6 39. Rb6+ Nxb6 40. Qxa5 Qd5 41. Qa6 Qb3 42. d5+ Kxd5 43. Kh2 Ke5 44.
Qa7 Kf6 45. Qc7 Ke7 46. Nd4 Qb2 47. Nc6+ Kf7 48. Ne5+ Ke8 49. Qb8+ Ke7 50. Qc7
Qb3 51. Nc6+ Kf7 52. Ne5+ Ke8 53. Qb8+ Ke7 54. Qc7 Qd5 55. Ng6+ Ke8 56. Nf4 Qc6
57. Qe5 Kd8 58. Ba6 Nc8 59. Bd3 Qd6 60. Qa5+ Qc7 61. Qb4 Qd6 62. Qa5+ Ke8 63.
Ba6 Ne7 64. Nxh5 a3 65. Bb5 Nc8 66. Nf4 Ke7 67. Bxd7 Kxd7 68. h5 Ke7 69. h6 Kf6
70. Qa8 Qf8 71. h7 Qh8 72. Qxa3 Qxh7+ 0-1

[Event "Int. Stuttgarter Stadtmeisterschaft A"]
[Site "Ditzingen"]
[Date "2014.05.30"]
[Round "5.21"]
[White "Reck, Moritz"]
[Black "Willems, Sebastian"]
[Result "1-0"]
[WhiteElo "2145"]
[BlackElo "2006"]
[PlyCount "113"]
[EventDate "2014.??.??"]
[WhiteTeam "SV Leonberg 1978 eV"]
[BlackTeam "SC Böblingen 1975 e.V."]

1. g3 Nf6 2. Bg2 d5 3. d3 g6 4. Nc3 Bg7 5. Bf4 c6 6. Nf3 O-O 7. Qd2 Nbd7 8. O-O
Re8 9. Rab1 a5 10. Rfe1 e5 11. Bh6 Bh8 12. h3 Nh5 13. e4 d4 14. Ne2 Nf8 15. Nh2
Ne6 16. f4 f6 17. Nf3 Qc7 18. f5 Nd8 19. g4 Ng7 20. h4 Nf7 21. Ng3 Re7 22. Kh2
Ne8 23. Bh3 Nxh6 24. Qxh6 Bg7 25. Qd2 Nd6 26. Rg1 Bd7 27. Rbf1 Rf8 28. Kh1 Qb6
29. b3 Qb4 30. Qc1 Qb6 31. g5 gxf5 32. Nxf5 Nxf5 33. Bxf5 c5 34. Nh2 Bxf5 35.
Rxf5 fxg5 36. Qxg5 Rxf5 37. Qxe7 Rf7 38. Qe8+ Rf8 39. Qxe5 Qh6 40. Qg5 Qxg5 41.
hxg5 Rf4 42. Kg2 Kf7 43. Nf3 Kg6 44. Kg3 Rf7 45. Kg4 Rc7 46. Nh4+ Kf7 47. Rf1+
Ke6 48. Rf5 b5 49. Ng2 a4 50. Nf4+ Kd6 51. Rd5+ Ke7 52. Kf5 axb3 53. axb3 Rc6
54. b4 cxb4 55. Rxb5 Rxc2 56. Rb7+ Kf8 57. Ne6+ 1-0

[Event "Int. Stuttgarter Stadtmeisterschaft A"]
[Site "Ditzingen"]
[Date "2014.05.30"]
[Round "5.22"]
[White "Schmidt, Tobias"]
[Black "Schulte, Torsten"]
[Result "1/2-1/2"]
[WhiteElo "2005"]
[BlackElo "2130"]
[PlyCount "48"]
[EventDate "2014.??.??"]
[WhiteTeam "SC Erdmannhausen"]
[BlackTeam "SC Eppingen"]

1. e4 c6 2. d4 d5 3. Nc3 g6 4. Nf3 Bg4 5. Be2 Bg7 6. Be3 dxe4 7. Nxe4 Nd7 8. h3
Bxf3 9. Bxf3 Ngf6 10. Nxf6+ Nxf6 11. Qd2 O-O 12. O-O-O Nd5 13. Bh6 Qd6 14. Bxg7
Kxg7 15. h4 Qf4 16. Qxf4 Nxf4 17. d5 cxd5 18. Bxd5 Nxd5 19. Rxd5 Rfd8 20. Rhd1
Rxd5 21. Rxd5 Kf6 22. Rd7 Rb8 23. Kd2 Ke6 24. Rd3 Rc8 1/2-1/2

[Event "Int. Stuttgarter Stadtmeisterschaft A"]
[Site "Ditzingen"]
[Date "2014.05.30"]
[Round "5.23"]
[White "Weber, Klaus"]
[Black "M�ller, Anja"]
[Result "1/2-1/2"]
[WhiteElo "2117"]
[BlackElo "1967"]
[PlyCount "23"]
[EventDate "2014.??.??"]
[WhiteTeam "SV T�bingen 1870 e.V."]
[BlackTeam "SC Ingersheim e.V."]

1. Nf3 Nf6 2. d4 g6 3. Bf4 d6 4. h3 Bg7 5. e3 a6 6. Be2 Nbd7 7. Bh2 c5 8. c3
O-O 9. O-O b5 10. a3 Bb7 11. b4 cxb4 12. cxb4 1/2-1/2

[Event "Int. Stuttgarter Stadtmeisterschaft A"]
[Site "Ditzingen"]
[Date "2014.05.30"]
[Round "5.24"]
[White "Schwab, Matthias"]
[Black "Gibicar, Marc"]
[Result "0-1"]
[WhiteElo "2102"]
[BlackElo "1917"]
[PlyCount "76"]
[EventDate "2014.??.??"]
[WhiteTeam "SC B�blingen 1975 e.V."]
[BlackTeam "SpVgg B�blingen"]

1. d4 Nf6 2. c4 c5 3. d5 e6 4. Nc3 exd5 5. cxd5 d6 6. e4 g6 7. f4 Bg7 8. Bb5+
Bd7 9. e5 Nh5 10. Nf3 O-O 11. O-O Bg4 12. h3 Bxf3 13. Qxf3 dxe5 14. fxe5 a6 15.
Be2 Bxe5 16. Ne4 Nd7 17. Bg5 f6 18. Bh6 Ng7 19. Qb3 Qb6 20. Qxb6 Nxb6 21. Be3
Na4 22. Rac1 b6 23. b3 f5 24. bxa4 fxe4 25. a5 Nf5 26. Bf2 e3 27. Be1 Nd4 28.
Bg4 Rxf1+ 29. Kxf1 Rf8+ 30. Bf3 Bc7 31. d6 Bxd6 32. axb6 Rb8 33. Ba5 Kg7 34.
Be2 Rf8+ 35. Ke1 Rf2 36. Bd3 Bg3 37. Kd1 Rxg2 38. Bf1 Rg1 0-1

[Event "Int. Stuttgarter Stadtmeisterschaft A"]
[Site "Ditzingen"]
[Date "2014.05.30"]
[Round "5.25"]
[White "Scheeff, Volker"]
[Black "Zeh, Dominik"]
[Result "1-0"]
[WhiteElo "2098"]
[BlackElo "1934"]
[PlyCount "91"]
[EventDate "2014.??.??"]
[WhiteTeam "SK Schmiden/Cannstatt"]
[BlackTeam "Stuttgarter SF 1879"]

1. e4 e6 2. d4 d5 3. Nc3 Nf6 4. e5 Nfd7 5. f4 c5 6. Nf3 Nc6 7. Be3 a6 8. Qd2 b5
9. a3 Bb7 10. Ne2 c4 11. c3 Be7 12. Kf2 f5 13. h3 Qc7 14. g3 Na5 15. Qc2 h6 16.
g4 g6 17. Ng3 O-O-O 18. gxf5 gxf5 19. Be2 Rdg8 20. Rag1 Qd8 21. Qb1 Nf8 22. Rg2
Rg7 23. Kg1 Rhg8 24. Kh2 Bc6 25. Rhg1 Kb8 26. Qf1 Qe8 27. Nd2 Bh4 28. Nh5 Rxg2+
29. Rxg2 Rxg2+ 30. Qxg2 Qg6 31. Qxg6 Nxg6 32. Ng7 Bd7 33. Bh5 Nf8 34. Nf3 Be7
35. Bf2 Nb3 36. Be3 a5 37. Kg3 Kc7 38. Nh4 Kd8 39. Bf7 Na1 40. Nhxf5 exf5 41.
Bxd5 Bc8 42. Bf7 Nc2 43. Bf2 Nxa3 44. d5 b4 45. Bb6+ Kd7 46. Be8# 1-0

[Event "Int. Stuttgarter Stadtmeisterschaft A"]
[Site "Ditzingen"]
[Date "2014.05.30"]
[Round "5.26"]
[White "Hoeschele, Hans-Ulrich"]
[Black "Schwarz, Larissa"]
[Result "0-1"]
[WhiteElo "2095"]
[BlackElo "1896"]
[PlyCount "120"]
[EventDate "2014.??.??"]
[WhiteTeam "Stuttgarter SF 1879"]
[BlackTeam "TSV Schott Mainz"]

1. e4 c5 2. c3 Nf6 3. e5 Nd5 4. d4 cxd4 5. cxd4 e6 6. Nc3 Nxc3 7. bxc3 d6 8.
Bb5+ Bd7 9. Bxd7+ Qxd7 10. f4 Be7 11. Ne2 Nc6 12. O-O O-O 13. Kh1 Na5 14. Qd3
Rac8 15. Rf3 Nc4 16. Bd2 Rfd8 17. exd6 Qxd6 18. Qc2 Qd5 19. Be1 Nd6 20. Qb3 Rc4
21. Re3 Bf6 22. Ng1 Nf5 23. Re2 Rdc8 24. Nf3 Qc6 25. Rd1 Nd6 26. Qb1 Nb5 27.
Re3 b6 28. f5 exf5 29. Qxf5 Nxc3 30. Bxc3 Rxc3 31. Rxc3 Qxc3 32. d5 Qc5 33. h4
Rd8 34. Qe4 Qd6 35. Rd2 Rc8 36. Re2 h6 37. g4 Rc1+ 38. Kg2 Rc8 39. g5 hxg5 40.
hxg5 Ba1 41. Re1 Bc3 42. Re2 Rd8 43. Qd3 Bb4 44. Qe4 a5 45. g6 Qxg6+ 46. Qxg6
fxg6 47. Re5 Kf7 48. Re6 Rxd5 49. Rxb6 Rd6 50. Ng5+ Ke7 51. Rb7+ Rd7 52. Rb6
Rd2+ 53. Kf3 Rxa2 54. Rxg6 Bc3 55. Rc6 Bf6 56. Ne4 Bb2 57. Ra6 a4 58. Ra7+ Kd8
59. Nc5 a3 60. Ne6+ Kc8 0-1

[Event "Int. Stuttgarter Stadtmeisterschaft A"]
[Site "Ditzingen"]
[Date "2014.05.30"]
[Round "5.27"]
[White "Novak, Josua"]
[Black "Jerie, Sven"]
[Result "1/2-1/2"]
[WhiteElo "1914"]
[BlackElo "2091"]
[PlyCount "87"]
[EventDate "2014.??.??"]
[WhiteTeam "TSV M�nchingen"]
[BlackTeam "SG Ludwigsburg 1919"]

1. e4 e5 2. Nf3 Nc6 3. d4 exd4 4. Nxd4 Nf6 5. Nxc6 bxc6 6. e5 Qe7 7. Qe2 Nd5 8.
c4 Nb6 9. Nc3 Qe6 10. Qe4 d5 11. exd6 cxd6 12. Bd3 f5 13. Qxe6+ Bxe6 14. b3 g6
15. Bb2 Bg7 16. O-O-O O-O 17. Rhe1 Rfe8 18. Be2 d5 19. Bf3 Rac8 20. cxd5 cxd5
21. Kd2 Kf7 22. Rb1 Rc5 23. Na4 Bh6+ 24. Kd3 Nxa4 25. bxa4 Rec8 26. Bd4 Rc2 27.
Rb7+ Kg8 28. Re2 Rxe2 29. Bxe2 f4 30. Bf3 Bf5+ 31. Kd2 Be4 32. Rxa7 Rc2+ 33.
Ke1 Rxa2 34. Bg4 Bf5 35. Bf3 Be4 36. Bg4 Bf5 37. Bxf5 gxf5 38. a5 f3 39. gxf3
Bd2+ 40. Kd1 Bb4 41. a6 Rd2+ 42. Kc1 Rxd4 43. Rc7 Bf8 44. a7 1/2-1/2

[Event "Int. Stuttgarter Stadtmeisterschaft A"]
[Site "Ditzingen"]
[Date "2014.05.30"]
[Round "5.28"]
[White "Viehoff, J�rgen"]
[Black "M�ller, Philipp"]
[Result "0-1"]
[WhiteElo "1848"]
[BlackElo "2063"]
[PlyCount "80"]
[EventDate "2014.??.??"]
[WhiteTeam "SC Stetten a.d.F."]
[BlackTeam "SC Neckarsulm e.V."]

1. d4 Nf6 2. Nf3 d5 3. e3 c5 4. c3 g6 5. dxc5 Bg7 6. Bb5+ Bd7 7. Bxd7+ Qxd7 8.
Ne5 Qc7 9. Qa4+ Kf8 10. Qf4 Na6 11. Nd3 Qxf4 12. exf4 Ne4 13. b4 d4 14. f3 Nxc3
15. Nxc3 dxc3 16. Be3 Rd8 17. O-O-O Bd4 18. Bxd4 Rxd4 19. a3 Nc7 20. Rhe1 Nd5
21. Re4 Rxe4 22. fxe4 Ne3 23. Re1 Nxg2 24. Re2 Nh4 25. Kc2 e6 26. Kxc3 g5 27.
b5 Ke7 28. fxg5 Rg8 29. Rd2 Nf3 30. Rd1 Nxg5 31. Nf2 Nf3 32. h3 Ne5 33. a4 Rg3+
34. Kb4 Rf3 35. Ng4 Nd3+ 36. Ka5 Nxc5 37. b6 Rb3 38. Rd7+ Nxd7 39. bxa7 b6+ 40.
Ka6 Nc5# 0-1

[Event "Int. Stuttgarter Stadtmeisterschaft A"]
[Site "Ditzingen"]
[Date "2014.05.30"]
[Round "5.29"]
[White "Martin, Richard"]
[Black "Ludwig, Sebastian"]
[Result "0-1"]
[WhiteElo "1857"]
[BlackElo "2051"]
[PlyCount "54"]
[EventDate "2014.??.??"]
[WhiteTeam "SV Unterkochen"]
[BlackTeam "SV Stuttgart-Wolfbusch 1956 e.V."]

1. e4 c5 2. c3 Nf6 3. e5 Nd5 4. Nf3 e6 5. d4 cxd4 6. cxd4 d6 7. Bc4 Nc6 8. O-O
Be7 9. Qe2 Nb6 10. Bb3 g5 11. d5 Nxd5 12. Bxd5 exd5 13. exd6 Qxd6 14. Bxg5 Be6
15. Bxe7 Qxe7 16. Nc3 Rg8 17. Rfe1 O-O-O 18. Rac1 Qf6 19. Nb5 Kb8 20. Qe3 d4
21. Qa3 a6 22. Rxc6 axb5 23. Rc5 Bd5 24. Kh1 Bc6 25. Rce5 d3 26. Qe7 Qxf3 27.
Rg5 Qf4 0-1

[Event "Int. Stuttgarter Stadtmeisterschaft A"]
[Site "Ditzingen"]
[Date "2014.05.30"]
[Round "5.30"]
[White "Auterhoff, J�rgen"]
[Black "B�ter, Norbert"]
[Result "1/2-1/2"]
[WhiteElo "1814"]
[BlackElo "2049"]
[PlyCount "48"]
[EventDate "2014.??.??"]
[WhiteTeam "SC Pasing von 1948 e.V."]
[BlackTeam "SpVgg Rommelshausen"]

1. e4 d6 2. d4 g6 3. Nf3 Bg7 4. Nc3 Nf6 5. Bc4 O-O 6. O-O Nxe4 7. Nxe4 d5 8.
Bxd5 Qxd5 9. Nc3 Qd8 10. h3 h6 11. Bf4 a6 12. Be5 Nd7 13. Bxg7 Kxg7 14. Re1 b6
15. Ne5 Bb7 16. Qe2 Nf6 17. Rad1 e6 18. Ng4 Nxg4 19. Qxg4 Qg5 20. Qxg5 hxg5 21.
Ne4 Bxe4 22. Rxe4 Rfd8 23. c3 Rd6 24. Rde1 Rad8 1/2-1/2

[Event "Int. Stuttgarter Stadtmeisterschaft A"]
[Site "Ditzingen"]
[Date "2014.05.30"]
[Round "5.31"]
[White "Severin, Andreas"]
[Black "Cummings, Orlyn"]
[Result "1-0"]
[WhiteElo "2008"]
[BlackElo "1873"]
[PlyCount "85"]
[EventDate "2014.??.??"]
[WhiteTeam "SV Reutlingen"]
[BlackTeam "SC Ingersheim e.V."]

1. e4 c5 2. Nc3 g6 3. f4 Bg7 4. Nf3 d6 5. Bc4 Nf6 6. d3 a6 7. a4 Nc6 8. O-O O-O
9. Ne2 Rb8 10. Ng3 b5 11. axb5 axb5 12. Bb3 Na5 13. Ba2 b4 14. Nd2 Nc6 15. f5
Nd4 16. c3 bxc3 17. bxc3 Nb5 18. Bb2 Nd7 19. Qc2 Ne5 20. Nc4 Nxc4 21. Bxc4 Qb6
22. fxg6 hxg6 23. Rab1 Bd7 24. Kh1 Qa5 25. Ra1 Qb6 26. Rfb1 Qc7 27. Ne2 Rfc8
28. Bc1 Rb6 29. Rb3 Rcb8 30. Rab1 Na7 31. Nf4 Ba4 32. Rxb6 Bxc2 33. Rxb8+ Bf8
34. R1b7 Qa5 35. Nxg6 Qa1 36. Rxf8+ Kg7 37. Rxf7+ Kxg6 38. Rf1 Nc6 39. Bf7+ Kh7
40. Bd5 Bxd3 41. Rg1 Ne5 42. Rxe7+ Kh8 43. Bg5 1-0

[Event "Int. Stuttgarter Stadtmeisterschaft A"]
[Site "Ditzingen"]
[Date "2014.05.30"]
[Round "5.33"]
[White "Heeke, Guido"]
[Black "Schuster, Gerhard"]
[Result "1/2-1/2"]
[WhiteElo "1907"]
[BlackElo "2045"]
[PlyCount "90"]
[EventDate "2014.??.??"]
[WhiteTeam "SV Letmathe 1933 e.V."]
[BlackTeam "SC Feuerbach e. V."]

1. c4 e5 2. Nc3 Nf6 3. Nf3 Nc6 4. g3 Bb4 5. Bg2 Bxc3 6. bxc3 O-O 7. O-O d6 8.
Rb1 Rb8 9. Ne1 e4 10. Nc2 Be6 11. d3 exd3 12. exd3 Bg4 13. f3 Bh5 14. Bg5 h6
15. Be3 Qd7 16. Qd2 Bg6 17. f4 Ng4 18. Bd4 h5 19. h3 Nh6 20. Bf2 b6 21. Kh2 Na5
22. Rbd1 c6 23. Nd4 Nf5 24. Nf3 f6 25. Kg1 Rfe8 26. Nh2 Re7 27. g4 hxg4 28.
hxg4 Nh6 29. Bf3 f5 30. g5 Ng4 31. Kg2 Kf7 32. Rh1 Rbe8 33. Rde1 Bh5 34. Rxe7+
Rxe7 35. Nf1 Bg6 36. Qd1 Nxf2 37. Kxf2 Re8 38. Bh5 Qe6 39. Bf3 d5 40. cxd5 cxd5
41. Qd2 Qd6 42. Ng3 d4 43. c4 Re3 44. Rh4 Qa3 45. Be2 Qd6 1/2-1/2

[Event "Int. Stuttgarter Stadtmeisterschaft A"]
[Site "Ditzingen"]
[Date "2014.05.30"]
[Round "5.34"]
[White "Klaus, Dominik"]
[Black "Bissbort, Julian"]
[Result "1/2-1/2"]
[WhiteElo "1931"]
[BlackElo "2042"]
[PlyCount "45"]
[EventDate "2014.??.??"]
[WhiteTeam "Ssg Fils-Lauter e. V."]
[BlackTeam "Heilbronner SV"]

1. d4 Nf6 2. c4 c5 3. e3 g6 4. Nf3 Bg7 5. Nc3 O-O 6. Be2 cxd4 7. Nxd4 Nc6 8.
O-O d6 9. b3 d5 10. Bb2 e5 11. Nc2 dxc4 12. Bxc4 Qa5 13. e4 Nd4 14. Nxd4 exd4
15. Qxd4 Ng4 16. Qd2 Qe5 17. g3 Qh5 18. f3 Ne5 19. Nd5 Bh3 20. Nf4 Qh6 21. Rf2
Rad8 22. Qe2 Bc8 23. Rd1 1/2-1/2

[Event "Int. Stuttgarter Stadtmeisterschaft A"]
[Site "Ditzingen"]
[Date "2014.05.30"]
[Round "5.35"]
[White "Klaus, Daniel"]
[Black "Gentner, Markus"]
[Result "1-0"]
[WhiteElo "1921"]
[BlackElo "2002"]
[PlyCount "67"]
[EventDate "2014.??.??"]
[WhiteTeam "SF M�glingen 1976"]
[BlackTeam "SC Murrhardt 1948 e.V."]

1. e4 c6 2. d4 d5 3. Nc3 dxe4 4. Nxe4 Nf6 5. Ng5 h6 6. N5f3 Bg4 7. Bd3 e6 8. h3
Bxf3 9. Nxf3 Bd6 10. O-O Nbd7 11. Re1 Qc7 12. Qe2 c5 13. c3 O-O-O 14. Bb5 a6
15. Bxd7+ Nxd7 16. Ne5 Nxe5 17. dxe5 Be7 18. Bf4 Bg5 19. Bg3 h5 20. Rad1 h4 21.
Bh2 Qc6 22. b3 Rxd1 23. Rxd1 Rd8 24. Rxd8+ Bxd8 25. f4 Qd5 26. Kf1 b5 27. Ke1
Ba5 28. Qd2 Qe4+ 29. Kf2 c4 30. Qd6 Bxc3 31. Qf8+ Kb7 32. Qe7+ Kb6 33. Qd8+ Kc5
34. Qd6# 1-0

[Event "Int. Stuttgarter Stadtmeisterschaft A"]
[Site "Ditzingen"]
[Date "2014.05.30"]
[Round "5.36"]
[White "Gheng, Simona"]
[Black "Zeller, Elisa"]
[Result "1/2-1/2"]
[WhiteElo "1988"]
[BlackElo "1921"]
[PlyCount "27"]
[EventDate "2014.??.??"]
[WhiteTeam "TSV Sch�naich"]
[BlackTeam "SF 1876 G�ppingen"]

1. e4 e6 2. d4 d5 3. Nd2 Nf6 4. Bd3 c5 5. exd5 Nxd5 6. Ngf3 Nc6 7. O-O a6 8.
dxc5 Bxc5 9. Ne4 Be7 10. c3 O-O 11. Re1 h6 12. Ng3 Bd6 13. Ne4 Be7 14. Ng3
1/2-1/2

[Event "Int. Stuttgarter Stadtmeisterschaft A"]
[Site "Ditzingen"]
[Date "2014.05.30"]
[Round "5.37"]
[White "Einwiller, Dieter"]
[Black "Wohlfahrt, Michael"]
[Result "1-0"]
[WhiteElo "2146"]
[BlackElo "1834"]
[PlyCount "123"]
[EventDate "2014.??.??"]
[WhiteTeam "SF Pfullingen"]
[BlackTeam "TSF Welzheim"]

1. d4 d5 2. Nf3 Bf5 3. c4 c6 4. Qb3 Qb6 5. Nc3 e6 6. c5 Qxb3 7. axb3 Nd7 8. b4
f6 9. Bf4 g5 10. Bg3 h5 11. h3 Bg7 12. Nd2 e5 13. Nb3 Bc2 14. Na5 exd4 15. Nd1
f5 16. Bd6 Be5 17. Nxb7 Bxd6 18. Nxd6+ Kf8 19. Kd2 Bxd1 20. Kxd1 Ne7 21. e3
dxe3 22. fxe3 Kg7 23. Ba6 Ne5 24. Bb7 Rab8 25. Rxa7 Kg6 26. Kc2 Rhf8 27. Re1
Rf6 28. Kc3 Nf7 29. Nxf7 Kxf7 30. Ba6 Re6 31. Bd3 Kf6 32. Raa1 d4+ 33. exd4
Nd5+ 34. Kd2 Rxe1 35. Rxe1 Rxb4 36. Re5 Rxb2+ 37. Ke1 Rxg2 38. Rxf5+ Ke7 39.
Be4 Rg3 40. Bxd5 cxd5 41. Rxd5 Ke6 42. Re5+ Kf6 43. h4 gxh4 44. Rxh5 Ke6 45.
d5+ Kd7 46. Rh7+ Kd8 47. Rxh4 Rc3 48. c6 Rd3 49. Rh8+ Kc7 50. Rh7+ Kc8 51. Rd7
Rc3 52. Kd2 Ra3 53. Kc2 Rh3 54. Rf7 Rh5 55. Rd7 Rh3 56. Kb2 Rg3 57. Rf7 Rg5 58.
d6 Rg8 59. Kb3 Rd8 60. Kb4 Kb8 61. Kb5 Rg8 62. Kb6 1-0

[Event "Int. Stuttgarter Stadtmeisterschaft A"]
[Site "Ditzingen"]
[Date "2014.05.30"]
[Round "5.38"]
[White "Schmidt, Markus"]
[Black "Schumann, Kai"]
[Result "1/2-1/2"]
[WhiteElo "1904"]
[BlackElo "2044"]
[PlyCount "90"]
[EventDate "2014.??.??"]
[WhiteTeam "Stuttgarter SF 1879"]
[BlackTeam "SG Königskinder Hohentübingen e."]

1. d4 Nf6 2. c4 e6 3. Nc3 Bb4 4. Qc2 d5 5. a3 Bxc3+ 6. bxc3 dxc4 7. Bg5 h6 8.
Bh4 c6 9. f4 Nbd7 10. Nf3 Qc7 11. Ne5 b5 12. e3 Bb7 13. Be2 c5 14. O-O Be4 15.
Qd2 Nd5 16. a4 b4 17. Nxd7 Qxd7 18. Bxc4 Nxc3 19. Qb2 a5 20. dxc5 O-O 21. Bb3
Rfc8 22. Rfd1 Qa7 23. Rd4 Qxc5 24. Qf2 Bd5 25. Bxd5 exd5 26. f5 b3 27. f6 Ne4
28. Qf5 b2 29. Rf1 g5 30. Bg3 Nxg3 31. hxg3 Rab8 32. Rxd5 Qxe3+ 33. Kh2 Qe6 34.
Qd3 Rc1 35. Rb5 Rxb5 36. axb5 Rxf1 37. Qxf1 Qb3 38. Qf5 b1=R 39. Qc8+ Kh7 40.
Qf8 Rh1+ 41. Kxh1 Qd1+ 42. Kh2 Qh5+ 43. Kg1 Qd1+ 44. Kh2 Qh5+ 45. Kg1 Qd1+
1/2-1/2

[Event "Int. Stuttgarter Stadtmeisterschaft A"]
[Site "Ditzingen"]
[Date "2014.05.30"]
[Round "5.39"]
[White "Paschmann, Stefan"]
[Black "Steinhart, Christoph"]
[Result "0-1"]
[WhiteElo "1903"]
[BlackElo "1967"]
[PlyCount "102"]
[EventDate "2014.??.??"]
[WhiteTeam "Krefelder SK Turm 1851 e"]
[BlackTeam "TSV Schönaich"]

1. d4 Nf6 2. Nf3 e6 3. Bg5 c5 4. e3 Qb6 5. Bxf6 gxf6 6. Nbd2 Qxb2 7. Bd3 d5 8.
c4 cxd4 9. exd4 Bb4 10. O-O Bxd2 11. Nxd2 dxc4 12. Nxc4 Qxd4 13. Qc2 Bd7 14.
Rfd1 Qc5 15. Be4 Ke7 16. Bxb7 Bc6 17. Bxa8 Bxa8 18. Ne3 Qe5 19. Rac1 Nc6 20.
Qc5+ Qxc5 21. Rxc5 Rb8 22. Rcc1 f5 23. Rb1 Rg8 24. f4 h5 25. Nc2 h4 26. Rd2 Na5
27. Rb4 Be4 28. Ra4 Nc6 29. Nd4 Nxd4 30. Raxd4 Bd5 31. Ra4 h3 32. Rxa7+ Kf6 33.
g3 Rc8 34. Ra6 Kg7 35. Rb6 Rc1+ 36. Kf2 Rh1 37. Ke3 Bg2 38. Rbb2 Rxh2 39. Rb1
Kg6 40. a4 Kh5 41. a5 Kg4 42. Rg1 Kxg3 43. Rf2 Rh1 44. Rf3+ Kg4 45. Rxh1 Bxh1
46. Rf1 Bd5 47. Rg1+ Kh4 48. Rg7 h2 49. Rh7+ Kg3 50. Rg7+ Kh3 51. Rh7+ Kg2 0-1

[Event "Int. Stuttgarter Stadtmeisterschaft A"]
[Site "Ditzingen"]
[Date "2014.05.30"]
[Round "5.40"]
[White "Baumeister, J�rgen"]
[Black "Cummings, Nicolai"]
[Result "0-1"]
[WhiteElo "1895"]
[BlackElo "1957"]
[PlyCount "56"]
[EventDate "2014.??.??"]
[WhiteTeam "SC Asperg"]
[BlackTeam "SC Ingersheim e.V."]

1. d4 d5 2. Nf3 Nf6 3. c4 dxc4 4. Qa4+ c6 5. Qxc4 e6 6. Nc3 Be7 7. e4 b5 8. Qb3
b4 9. e5 bxc3 10. exf6 cxb2 11. Bxb2 Bxf6 12. Rc1 O-O 13. Bd3 Qb6 14. Bxh7+
Kxh7 15. Qc2+ g6 16. h4 Qa5+ 17. Bc3 Qf5 18. Qd1 Ba6 19. Ng5+ Bxg5 20. hxg5+
Kg8 21. f3 Qxg5 22. Kf2 f6 23. Rh3 Nd7 24. Bb4 Bb5 25. Qb3 Qxc1 26. Qxe6+ Rf7
27. Rh8+ Kxh8 28. Qxf7 Qb2+ 0-1

[Event "Int. Stuttgarter Stadtmeisterschaft A"]
[Site "Ditzingen"]
[Date "2014.05.30"]
[Round "5.41"]
[White "Marano, Salvatore"]
[Black "D�lker, Kai"]
[Result "0-1"]
[WhiteElo "1943"]
[BlackElo "1907"]
[PlyCount "66"]
[EventDate "2014.??.??"]
[WhiteTeam "Scaccoclub Tedsa Canauano Giarre"]
[BlackTeam "SV Stuttgart-Wolfbusch 1956 e.V."]

1. e4 c5 2. a3 Nc6 3. b4 cxb4 4. axb4 Nxb4 5. c3 Nc6 6. d4 d5 7. exd5 Qxd5 8.
Na3 e5 9. Nb5 Bd6 10. Bc4 Qe4+ 11. Ne2 Bb8 12. O-O Nge7 13. f3 Qg6 14. d5 Nd8
15. Kh1 O-O 16. Ba3 Nf5 17. Bd3 Re8 18. Bxf5 Bxf5 19. c4 Bd7 20. Nec3 b6 21. d6
Qe6 22. Qd5 Bc6 23. Qxe6 Nxe6 24. Rfd1 Rd8 25. Nd5 Bxb5 26. Ne7+ Kh8 27. cxb5
Nd4 28. Rxd4 exd4 29. Nc6 Rd7 30. Re1 Bxd6 31. Bxd6 Rxd6 32. Nxa7 Re6 33. Rc1
d3 0-1